Southville International School and Colleges
Your cart is empty.
  • Cart
  • Lists
    Public lists Eva Luna New books Lux_list list_1
    Your lists Log in to create your own lists
  • Log in to your account
  • Your cookies
  • Search history
Southville International School and Colleges
  • Advanced search
  • Recent comments
  • Most popular
  • Libraries

Log in to your account

Log in with GOOGLE


If you do not have an external account, but do have a local account, you can still log in:

  1. Home
  2. MARC view: Harry the dirty dog /
Normal view MARC view ISBD view

Harry the dirty dog / (Record no. 103226)

[ view plain ]
MARC details
000 -LEADER
fixed length control field 00404nam a2200157 a 4500
005 - DATE AND TIME OF LATEST TRANSACTION
control field 20140412111255.0
008 - FIXED-LENGTH DATA ELEMENTS--GENERAL INFORMATION
fixed length control field 010423s19uu xx 00 eng d
050 ## - LIBRARY OF CONGRESS CALL NUMBER
Classification number TR(PS E
Item number Ha11 1984
100 ## - MAIN ENTRY--PERSONAL NAME
Personal name Zion, Gene
245 ## - TITLE STATEMENT
Title Harry the dirty dog /
Statement of responsibility, etc Gene Zion.
260 ## - PUBLICATION, DISTRIBUTION, ETC. (IMPRINT)
Name of publisher, distributor, etc HarperCollins.
300 ## - PHYSICAL DESCRIPTION
Extent `v. (unp.) ; ill.
650 ## - SUBJECT ADDED ENTRY--TOPICAL TERM
Topical term or geographic name as entry element Dogs - Stories
650 ## - SUBJECT ADDED ENTRY--TOPICAL TERM
Topical term or geographic name as entry element Children's stories
Holdings
Withdrawn status Lost status Damaged status Home library Current library Shelving location Date acquired Source of acquisition Cost, normal purchase price Total Checkouts Full call number Barcode Date last seen Price effective from Koha item type
      Elizalde Library Elizalde Library Teachers Reference Section 04/23/2001   144.00   TR(PS E Ha11 1984 E4027 04/12/2014 04/12/2014 Books

Harry the dirty dog /

APA

Zion G., .Harry the dirty dog. : HarperCollins.

Chicago

Zion Gene, .Harry the dirty dog. : HarperCollins.

Harvard

Zion G., .Harry the dirty dog. : HarperCollins.

MLA

Zion Gene, .: HarperCollins. .

  • Place hold
  • Print
  • Cite
  • Add to your cart (remove)
  • Save record
    BIBTEX Dublin Core MARCXML MARC (non-Unicode/MARC-8) MARC (Unicode/UTF-8) MARC (Unicode/UTF-8, Standard) MODS (XML) RIS
  • More searches
    Search for this title in:
    Other Libraries (WorldCat) Other Databases (Google Scholar) Online Stores (Bookfinder.com) Open Library (openlibrary.org)

Exporting to Dublin Core...

SOUTHVILLE LIBRARY

Southville International School and Colleges Library

1281 Tropical Ave. Cor. Luxembourg St., BF Homes International, Las Pinas City

Tel. No. 8256374 / 252358 Loc. 117/146

Powered by Koha